Bioengineering in cell and tissue research (Record no. 25281)
[ view plain ]
| 000 -LEADER | |
|---|---|
| fixed length control field | 01525nam a2200337 a 4500 |
| 245 00 - TITLE STATEMENT | |
| Title | Bioengineering in cell and tissue research |
| 260 ## - PUBLICATION, DISTRIBUTION, ETC. (IMPRINT) | |
| Place of publication | Berlin : |
| Name of publisher | Springer, |
| Year of publication | 2008. |
| 300 ## - PHYSICAL DESCRIPTION | |
| Number of Pages | xxix, 693 p. : |
| Other physical details | ill., ports. |
| 505 0# - FORMATTED CONTENTS NOTE | |
| Formatted contents note | pt. 1. Genes, genome and information network -- pt. 2. Cell and tissue imaging -- pt. 3. Regenerative medicine and nanoengineering -- pt. 4. Mechanics of soft tissues, fluids and molecules -- pt. 5. Bioengineering in clinical applications -- pt. 6. Plant and microbial bioengineering. |
| 650 #0 - SUBJECT ADDED ENTRY--TOPICAL TERM | |
| Topical Term | Cytology |
| Topical Term | Histology |
| Topical Term | Bioengineering. |
| 700 1# - ADDED ENTRY--PERSONAL NAME | |
| Personal name | Artmann, Gerhard M. |
| Personal name | Chien, Shu. |
| 856 40 - ELECTRONIC LOCATION AND ACCESS | |
| Uniform Resource Identifier | http://site.ebrary.com/lib/rucke/Doc?id=10223696 |
No items available.
